Smriti sandharbha Part 3 Dharmashastra sanghraha/ (Record no. 42392)

000 -LEADER
fixed length control field 00427nam a22001691a 4500
020 ## - INTERNATIONAL STANDARD BOOK NUMBER
ISBN 9788170811701
082 ## - DEWEY DECIMAL CLASSIFICATION NUMBER
Classification number S 294.592 6
Item number MAR/S
100 ## - MAIN ENTRY--AUTHOR NAME
Personal name Markandaiya
100 ## - MAIN ENTRY--AUTHOR NAME
Personal name Laugakshi
245 ## - TITLE STATEMENT
Title Smriti sandharbha Part 3 Dharmashastra sanghraha/
Statement of responsibility, etc by Markandaiya and Laugakshi
260 ## - PUBLICATION, DISTRIBUTION, ETC. (IMPRINT)
Place of publication Delhi:
Name of publisher Nag,
Year of publication 1988.
300 ## - PHYSICAL DESCRIPTION
Number of Pages 630p.
650 ## - SUBJECT ADDED ENTRY--TOPICAL TERM
Topical Term Dharmashastra
650 ## - SUBJECT ADDED ENTRY--TOPICAL TERM
Topical Term Hinduism
650 ## - SUBJECT ADDED ENTRY--TOPICAL TERM
Topical Term Religion
942 ## - ADDED ENTRY ELEMENTS (KOHA)
Koha item type Book
Holdings
Withdrawn status Lost status Damaged status Not for loan Permanent Location Current Location Date acquired Cost, normal purchase price Full call number Accession Number Cost, replacement price Price effective from Koha item type
        Sree Sankaracharya University of Sanskrit Sree Sankaracharya University of Sanskrit 08.01.2015 1000.00 S294.592 6 MAR/S 056213 0.00 08.01.2015 Book